| 000 | 01157nam a2200337 c 4500 | ||
|---|---|---|---|
| 003 | BLK | ||
| 005 | 20180422114626.0 | ||
| 008 | 180411b bul|||||r ||||||| ||bul|| | ||
| 010 | _aKNG00182457000 | ||
| 040 | _aBLK | ||
| 041 |
_aBUL _cBUL |
||
| 080 |
_aГеография на Русия _b913(470) _x _z913(470) |
||
| 100 | 1 |
_aТилев, Христо Петров _eпърви автор _9382164 |
|
| 139 |
_aТилев, Христо Петров _bТ 54 |
||
| 245 | 1 | 0 |
_aИз Сибирската тайга _cХристо Петров Тилев. |
| 257 | _aBGR | ||
| 260 |
_аСофия _bНар. просв. _c1964 |
||
| 300 |
_a68 с. _bс ил. _c18 см |
||
| 380 | _a91 | ||
| 490 | 1 |
_aБиблиотека при Българското географско дружество _vГ. III, кн. 5 |
|
| 500 | _aАвт. не е даден на кор. | ||
| 650 | 4 |
_aСибир _9300213 |
|
| 651 | 4 |
_aСибир _9300213 |
|
| 653 | _aСибир | ||
| 653 | _aтайга | ||
| 852 | _aЦб І 6800 | ||
| 856 | 4 |
_qpdf _u |
|
| 856 | 4 |
_qpdf _u |
|
| 942 |
_cKNG _n0 |
||
| 944 |
_aCR _c21.05.2015 _kТеодора_Стоянова |
||
| 944 |
_aED _c23.09.2015 _kТеодора_Стоянова |
||
| 999 |
_c174012 _d174012 |
||